logo

Bir Sreshtho Munshi Abdur Rouf Library
Jhenaidah Cadet College

শেখ মুজিব ও স্বাধীনতা সংগ্রাম / (Record no. 11947)

MARC details
000 -LEADER
fixed length control field 00781nam a2200229 a 4500
001 - CONTROL NUMBER
JCCL Control Number 11947
003 - CONTROL NUMBER IDENTIFIER
JCCL marc code BD-JhCC
005 - DATE AND TIME OF LATEST TRANSACTION
control field 20210222103617.0
008 - FIXED-LENGTH DATA ELEMENTS--GENERAL INFORMATION
fixed length control field 210222b19962016bg |||| ||a| 001 0 ben d
020 ## - INTERNATIONAL STANDARD BOOK NUMBER
International Standard Book Number 9789849224426
035 ## - SYSTEM CONTROL NUMBER
system control number (BD-JhCC)11947
040 ## - CATALOGING SOURCE
Original cataloging agency BD-JhCC
Modifying agency BD-JhCC
041 ## - LANGUAGE CODE
Language code of Book ben
082 ## - DEWEY DECIMAL CLASSIFICATION NUMBER
Author mark and Year RAF 2016
Classification number 954.9205
100 ## - MAIN ENTRY--PERSONAL NAME
Personal name ইসলাম,রফিকুল
245 ## - TITLE STATEMENT
Title শেখ মুজিব ও স্বাধীনতা সংগ্রাম /
Statement of responsibility, etc রফিকুল ইসলাম
260 ## - PUBLICATION, DISTRIBUTION, ETC. (IMPRINT)
Place of publication, distribution, etc বাংলাদেশ:
Name of publisher, distributor, etc কাকলী প্রকাশনী, ঢাকা;
Date of publication, distribution, etc ২০১৬.
300 ## - PHYSICAL DESCRIPTION
Pagination 576
Dimensions 22 cm.
650 ## - SUBJECT ADDED ENTRY--TOPICAL TERM
Topical term or geographic name as entry element বাংলাদেশের মুক্তিযুদ্ধ
942 ## - ADDED ENTRY ELEMENTS (KOHA)
Source of classification or shelving scheme Dewey Decimal Classification
Koha item type Books
Holdings
Source of classification or shelving scheme Damaged status Not for loan Home library Current library Shelving location Date of accession Cost, normal purchase price Total Checkouts Full call number Barcode Date last seen Date checked out Copy number Koha item type
Dewey Decimal Classification     JCC Rouf Library JCC Rouf Library General Stacks 02/22/2021 450.00 1 954.9205 RAF 2016 16514 08/14/2023 08/07/2023 C-1 Books

JCC Library | Contacts | JCC Home

Last Update on 23 September 2017
Copyright @ 2017-2020 JCC Rouf Library
Rouf Library, Jhenidah Cadet College (JCC), Bangladesh